Tous les blasons de la Haute-Garonne - Statistiques

Statistiques générales
  • Ce quiz a été pris 9 fois
  • Le résultat moyen est 33 sur 336
Statistiques - réponses
Par images Réponse % Correct
Toulouse
100%
Muret
86%
Saint-Gaudens
86%
Blagnac
71%
Colomiers
57%
Tournefeuille
57%
Balma
43%
Cierp-Gaud
43%
Cugnaux
43%
L'Union
43%
Martres-de-Rivière
43%
Martres-Tolosane
43%
Montréjeau
43%
Plaisance-du-Touch
43%
Portet-sur-Garonne
43%
Ramonville-Saint-Agne
43%
Revel
43%
Saubens
43%
Aucamville
29%
Auragne
29%
Auterive
29%
Auzeville-Tolosane
29%
Bagnères-de-Luchon
29%
Brax
29%
Castanet-Tolosan
29%
Cintegabelle
29%
Fonsorbes
29%
Grenade
29%
Labarthe-Rivière
29%
Labarthe-sur-Lèze
29%
Labège
29%
Léguevin
29%
Merville
29%
Pin-Balma
29%
Pinsaguel
29%
Pins-Justaret
29%
Roques
29%
Roquettes
29%
Saint-Jean
29%
Saint-Jean-Lherm
29%
Saint-Orens-de-Gameville
29%
Saint-Paul-sur-Save
29%
Saint-Pierre
29%
Saint-Pierre-de-Lages
29%
Salies-du-Salat
29%
Seilh
29%
Vieille-Toulouse
29%
Villate
29%
Alan
14%
Anan
14%
Arbas
14%
Artigue
14%
Aspet
14%
Aureville
14%
Aurignac
14%
Ausson
14%
Aussonne
14%
Avignonet-Lauragais
14%
Barbazan
14%
Baziège
14%
Beaumont-sur-Lèze
14%
Beaupuy
14%
Belberaud
14%
Belbèze-de-Lauragais
14%
Bérat
14%
Boulogne-sur-Gesse
14%
Boussan
14%
Boussens
14%
Brignemont
14%
Calmont
14%
Caraman
14%
Carbonne
14%
Castelginest
14%
Castelmaurou
14%
Cazères
14%
Clarac
14%
Cornebarrieu
14%
Escalquens
14%
Fenouillet
14%
Fontenilles
14%
Francon
14%
Fronton
14%
Gourdan-Polignan
14%
Goyrans
14%
Labastide-Beauvoir
14%
Labastide-Saint-Sernin
14%
Labastidette
14%
Lacroix-Falgarde
14%
Lagarde
14%
Lagardelle-sur-Lèze
14%
Landorthe
14%
La Salvetat-Saint-Gilles
14%
Latrape
14%
Lavalette
14%
Lavelanet-de-Comminges
14%
Lavernose-Lacasse
14%
Lécussan
14%
Le Fauga
14%
Le Fousseret
14%
Le Plan
14%
Lespinasse
14%
Lestelle-de-Saint-Martory
14%
Lévignac-sur-Lèze
14%
Lherm
14%
L'Isle-en-Dodon
14%
Marignac
14%
Marignac-Laspeyres
14%
Mauzac
14%
Melles
14%
Miremont
14%
Mirepoix-sur-Tarn
14%
Montaigut-sur-Save
14%
Montaut
14%
Montbrun-Bocage
14%
Montbrun-Lauragais
14%
Montclar-Lauragais
14%
Montesquieu-Guittaut
14%
Montesquieu-Lauragais
14%
Montesquieu-Volvestre
14%
Montjoire
14%
Nailloux
14%
Noé
14%
Palaminy
14%
Péchabou
14%
Pechbonnieu
14%
Pibrac
14%
Pompertuzat
14%
Rieumes
14%
Rieux-Volvestre
14%
Saint-Béat
14%
Saint-Bertrand-de-Comminges
14%
Sainte-Foy-d'Aigrefeuille
14%
Sainte-Foy-de-Pérolières
14%
Saint-Félix-Lauragais
14%
Saint-Hilaire
14%
Saint-Jory
14%
Saint-Julien-sur-Garonne
14%
Saint-Léon
14%
Saint-Lys
14%
Saint-Marcel-Paulel
14%
Saint-Martory
14%
Saint-Sauveur
14%
Saint-Sulpice-sur-Lèze
14%
Seysses
14%
Valentine
14%
Vaux
14%
Vendine
14%
Venerque
14%
Vernet
14%
Villariès
14%
Villemur-sur-Tarn
14%
Villeneuve-de-Rivière
14%
Villeneuve-lès-Bouloc
14%
Villeneuve-Tolosane
14%
Agassac
0%
Aignes
0%
Aigrefeuille
0%
Albiac
0%
Ardiège
0%
Argut-Dessous
0%
Arnaud-Guilhem
0%
Aulon
0%
Auriac-sur-Vendinelle
0%
Auribail
0%
Aurin
0%
Auzas
0%
Auzielle
0%
Ayguesvives
0%
Azas
0%
Bax
0%
Bazus
0%
Beaufort
0%
Beauteville
0%
Beauzelle
0%
Bélesta-en-Lauragais
0%
Bessières
0%
Bezins-Garraux
0%
Blajan
0%
Bois-de-la-Pierre
0%
Bonrepos-Riquet
0%
Bonrepos-sur-Aussonnelle
0%
Bordes-de-Rivière
0%
Bouloc
0%
Bourg-Saint-Bernard
0%
Bragayrac
0%
Bretx
0%
Bruguières
0%
Burgalays
0%
Buzet-sur-Tarn
0%
Cabanac-Séguenville
0%
Cadours
0%
Caignac
0%
Cambernard
0%
Canens
0%
Capens
0%
Caragoudes
0%
Cardeilhac
0%
Cassagnabère-Tournas
0%
Cassagne
0%
Castelgaillard
0%
Castelnau-d'Estrétefonds
0%
Castéra-Vignoles
0%
Casties-Labrande
0%
Caubiac
0%
Caujac
0%
Cazac
0%
Cazaril-Tambourès
0%
Cépet
0%
Cessales
0%
Chaum
0%
Ciadoux
0%
Clermont-le-Fort
0%
Corronsac
0%
Cox
0%
Daux
0%
Donneville
0%
Drémil-Lafage
0%
Eaunes
0%
Escanecrabe
0%
Espanès
0%
Esperce
0%
Falga
0%
Folcarde
0%
Fonbeauzard
0%
Fourquevaux
0%
Gagnac-sur-Garonne
0%
Gaillac-Toulza
0%
Gardouch
0%
Gargas
0%
Garidech
0%
Gauré
0%
Gémil
0%
Gragnague
0%
Gratens
0%
Gratentour
0%
Huos
0%
Issus
0%
Juzes
0%
Juzet-de-Luchon
0%
Lanta
0%
Lapeyrouse-Fossat
0%
Larra
0%
Larroque
0%
Latour
0%
Launaguet
0%
Lauzerville
0%
Layrac-sur-Tarn
0%
Le Born
0%
Le Burgaud
0%
Le Cabanial
0%
Le Castéra
0%
Le Faget
0%
Le Fréchet
0%
Lège
0%
Lilhac
0%
Loubens-Lauragais
0%
Loudet
0%
Lux
0%
Massabrac
0%
Mauremont
0%
Maurens
0%
Mauvaisin
0%
Mazères-sur-Salat
0%
Menville
0%
Mervilla
0%
Molas
0%
Mondonville
0%
Monestrol
0%
Mons
0%
Montastruc-la-Conseillère
0%
Montberon
0%
Montégut-Lauragais
0%
Montespan
0%
Montgaillard-Lauragais
0%
Montgeard
0%
Montgiscard
0%
Montlaur
0%
Montmaurin
0%
Montpitol
0%
Montrabé
0%
Montsaunès
0%
Mourvilles-Basses
0%
Mourvilles-Hautes
0%
Nogaret
0%
Noueilles
0%
Odars
0%
Ondes
0%
Pechbusque
0%
Péguilhan
0%
Pelleport
0%
Peyssies
0%
Plagnole
0%
Pointis-de-Rivière
0%
Pointis-Inard
0%
Poucharramet
0%
Puydaniel
0%
Quint-Fonsegrives
0%
Rebigue
0%
Renneville
0%
Rieumajou
0%
Rouffiac-Tolosan
0%
Roumens
0%
Saiguède
0%
Saint-Alban
0%
Saint-André
0%
Saint-Aventin
0%
Saint-Clar-de-Rivière
0%
Sainte-Livrade
0%
Saint-Élix-le-Château
0%
Saint-Geniès-Bellevue
0%
Saint-Julia
0%
Saint-Loup-Cammas
0%
Saint-Marcet
0%
Saint-Pé-d'Ardet
0%
Saint-Plancard
0%
Saint-Thomas
0%
Saint-Vincent
0%
Sarremezan
0%
Sauveterre-de-Comminges
0%
Saux-et-Pomarède
0%
Tarabel
0%
Thil
0%
Toutens
0%
Trébons-sur-la-Grasse
0%
Vacquiers
0%
Vallègue
0%
Varennes
0%
Vaudreuille
0%
Verfeil
0%
Vieillevigne
0%
Vignaux
0%
Vigoulet-Auzil
0%
Villaudric
0%
Villefranche-de-Lauragais
0%
Villematier
0%
Villenouvelle
0%
Aucun quiz correspondant
Distribution des résultats
% des personnes avec chaque résultat
Percentile par nombre de réponses
Votre historique - résultats
Vous n’avez pas pris ce quiz